| 000 | 00940nas a2200277Ia 4500 | ||
|---|---|---|---|
| 001 | A10/R155-29490 | ||
| 003 | IT-MiCISF | ||
| 008 | 161014c99999999xx |||||||||||| ||und|| | ||
| 040 |
_aIT-MiCISF _cIT-MiCISF |
||
| 041 | _aINGLESE | ||
| 100 | _aEngels Frederick | ||
| 210 | _aPopulation and Development Review | ||
| 222 | _aPopulation and Development Review | ||
| 240 | _aEngels on the Origin and Evolution of the Family | ||
| 245 | 0 | _aEngels on the Origin and Evolution of the Family | |
| 250 | _a1a ed. | ||
| 260 | _c1988 | ||
| 501 |
_bCISF - Centro Internazionale Studi Famiglia - Via Giotto, 36 20145 MILANO (non commercial uses only) _cCopyright 2016 |
||
| 300 | _app. 705-729 | ||
| 362 | _avol. 14, n. 4, dicembre [1988] | ||
| 500 | _a Tema: famiglia, società , cultura, ruoli-familiari, famiglia-estesa, lavoro | ||
| 650 |
_aFAMIGLIA _varticolo |
||
| 700 | _aAA.VV. | ||
| 942 | _cCR | ||
| 957 | _71 | ||
| 999 |
_a29490 _bSi _g1 _c249142 _d249142 |
||